ბათუმის შოთა რუსთაველის სახელმწიფო უნივერსიტეტის ბიბლიოთეკა

Handbook of occupational health psychology / (ბიბ.ჩანაწერი № 60421)

000 -LEADER
fixed length control field 01623cam a22004214a 4500
001 - CONTROL NUMBER
control field 16045272
005 - DATE AND TIME OF LATEST TRANSACTION
control field 20230714112440.0
008 - FIXED-LENGTH DATA ELEMENTS--GENERAL INFORMATION
fixed length control field 100107s2011 dcua bf 001 0 eng
010 ## - LIBRARY OF CONGRESS CONTROL NUMBER
LC control number 2009052602
020 ## - INTERNATIONAL STANDARD BOOK NUMBER
International Standard Book Number 9781433807763 X
020 ## - INTERNATIONAL STANDARD BOOK NUMBER
International Standard Book Number 1433807769 X
035 ## - SYSTEM CONTROL NUMBER
System control number (DNLM)101522311
040 ## - CATALOGING SOURCE
Original cataloging agency DNLM/DLC
Transcribing agency DLC
Modifying agency DLC
042 ## - AUTHENTICATION CODE
Authentication code pcc
050 00 - LIBRARY OF CONGRESS CALL NUMBER
Classification number RC967.5
Item number .H358 2011
060 10 - NATIONAL LIBRARY OF MEDICINE CALL NUMBER
Classification number WA 495
Item number H236 2011
080 ## - UNIVERSAL DECIMAL CLASSIFICATION NUMBER
Universal Decimal Classification number 159+61 H-22
245 00 - TITLE STATEMENT
Title Handbook of occupational health psychology /
Statement of responsibility, etc. edited by James Campbell Quick and Lois E. Tetrick.
250 ## - EDITION STATEMENT
Edition statement 2nd ed.
260 ## - PUBLICATION, DISTRIBUTION, ETC.
Place of publication, distribution, etc. Washington, DC :
Name of publisher, distributor, etc. American Psychological Association,
Date of publication, distribution, etc. c2014.
300 ## - PHYSICAL DESCRIPTION
Extent xviii, 441 p. :
Other physical details ill. ;
Dimensions 26 cm.
504 ## - BIBLIOGRAPHY, ETC. NOTE
Bibliography, etc. note Includes bibliographical references and index.
650 #0 - SUBJECT ADDED ENTRY--TOPICAL TERM
Topical term or geographic name entry element Industrial psychiatry
Form subdivision Handbooks, manuals, etc.
9 (RLIN) 19329
650 #0 - SUBJECT ADDED ENTRY--TOPICAL TERM
Topical term or geographic name entry element Clinical health psychology
Form subdivision Handbooks, manuals, etc.
9 (RLIN) 19330
650 #0 - SUBJECT ADDED ENTRY--TOPICAL TERM
Topical term or geographic name entry element Psychology, Industrial
Form subdivision Handbooks, manuals, etc.
9 (RLIN) 19331
650 12 - SUBJECT ADDED ENTRY--TOPICAL TERM
Topical term or geographic name entry element Psychology, Industrial
General subdivision methods.
9 (RLIN) 19332
650 22 - SUBJECT ADDED ENTRY--TOPICAL TERM
Topical term or geographic name entry element Occupational Health Services.
9 (RLIN) 19333
650 22 - SUBJECT ADDED ENTRY--TOPICAL TERM
Topical term or geographic name entry element Occupational Health.
9 (RLIN) 19334
653 ## - INDEX TERM--UNCONTROLLED
keyword ფსიქოლოგიის სახელმძღვანელო
700 1# - ADDED ENTRY--PERSONAL NAME
Personal name Quick, James C.
9 (RLIN) 19335
700 1# - ADDED ENTRY--PERSONAL NAME
Personal name რედაქტორი
9 (RLIN) 19338
700 1# - ADDED ENTRY--PERSONAL NAME
Personal name Tetrick, Lois E.
9 (RLIN) 19336
700 1# - ADDED ENTRY--PERSONAL NAME
Personal name რედაქტორი
9 (RLIN) 19338
710 2# - ADDED ENTRY--CORPORATE NAME
Corporate name or jurisdiction name as entry element American Psychological Association.
9 (RLIN) 19337
906 ## - LOCAL DATA ELEMENT F, LDF (RLIN)
a 7
b cbc
c orignew
d 1
e ecip
f 20
g y-gencatlg
942 ## - ADDED ENTRY ELEMENTS (KOHA)
Source of classification or shelving scheme
Koha item type წიგნი
ეგზემპლარები
Withdrawn status Lost status Source of classification or shelving scheme Damaged status Not for loan Permanent Location Current Location Shelving location Date acquired Cost, normal purchase price Full call number Barcode Date last seen Copy number Price effective from Koha item type
          ბათუმის შოთა რუსთაველის სახელმწიფო უნივერსიტეტის მთავარი ბიბლიოთეკა ბათუმის შოთა რუსთაველის სახელმწიფო უნივერსიტეტის მთავარი ბიბლიოთეკა წიგნსაცავი 2023-07-14 174.00 159+61 H-22 64964 2023-07-14 64964 2023-07-14 წიგნი